000 00578nam a2200193 4500
001 136049
003 ES-MaACL
005 20230906195025.0
007 t|
008 070214s1965 sp r ||||1| spa d
100 1 _aRovirosa, Guillermo.
_9100167
245 1 3 _aEl primer traidor cristiano
_b: Judas el apostol /
_cGuillermo Rovirosa.
260 _aMadrid :
_bZYX,
_c1965.
300 _a266 p. ;
_c21 cm.
490 1 _aBiblioteca promoción del pueblo
830 0 _aBiblioteca promoción del pueblo
_9180624
852 _aES-MaACL
_jC-26793
_bR.55790
999 _c136049
_d136049